Berliner Ringbahn (S41/S42) - Alle Haltestellen - Statistiken

Allgemein
  • Dieses Quiz wurde 283 mal gespielt
  • Das Durchschnittsergebnis liegt bei 21 aus 27
Antwortstatistiken
Haltestellennamen % Korrekt
Ostkreuz
96%
Südkreuz
94%
Gesundbrunnen
90%
Westkreuz
90%
Neukölln
87%
Tempelhof
82%
Wedding
81%
Frankfurter Allee
80%
Schöneberg
80%
Treptower Park
80%
Messe Nord/ ICC (Witzleben)
79%
Hermannstraße
78%
Landsberger Allee
75%
Schönhauser Allee
75%
Sonnenallee
75%
Westhafen
73%
Jungfernheide
72%
Greifswalder Straße
71%
Prenzlauer Allee
71%
Storkower Straße
71%
Westend
70%
Innsbrucker Platz
68%
Bundesplatz
67%
Beusselstraße
66%
Heidelberger Platz
65%
Halensee
63%
Hohenzollerndamm
57%
Keine übereinstimmenden Quizze gefunden
Verteilung der Resultate
Anzahl Personen mit jedem Resultat
Perzentil nach korrekt beantworteten Fragen
Ihre Resultats-Entwicklung
Sie haben dieses Quiz noch nicht gespielt